[Event "7th Boris Kostic mem"]
[Site "Vrsac"]
[EventDate "1977.09.14"]
[Date "1977.09.20"]
[Round "6"]
[White "Kurajica, Bojan"]
[Black "Ivanovic, Bozidar"]
[Result "1/2-1/2"]
[WhiteElo "2530"]
[BlackElo "2440"]
[PlyCount "106"]
[Source "Perpetual Check"]

1. e4 c5 2. Nf3 Nc6 3. d4 cxd4 4. Nxd4 Nf6 5. Nc3 e5 6. Ndb5 d6 7. Bg5 a6 8.
Na3 b5 9. Nd5 Be7 10. Nxe7 Nxe7 11. f3 d5 12. exd5 Nexd5 13. c4 bxc4 14. Nxc4
O-O 15. Qd2 Re8 16. Be2 Ra7 17. Qa5 Qe7 18. Qxd5 Nxd5 19. Bxe7 Rexe7 20. Rd1
Rad7 21. Kf2 g6 22. g3 Kg7 23. Rc1 Bb7 24. Rhd1 Ba8 25. a3 h5 26. h4 e4 27. Rd4
f5 28. Rcd1 e3+ 29. Ke1 Bc6 30. Na5 Ba8 31. b4 Kf6 32. Nb3 f4 33. gxf4 Rc7 34.
Rxd5 Bxd5 35. Rxd5 Rc3 36. Rd3 Rc2 37. Rd6+ Kf7 38. Nc5 Rb2 39. Kd1 a5 40. bxa5
Rc7 41. Rd7+ Rxd7+ 42. Nxd7 Rd2+ 43. Ke1 Rxd7 44. Bb5 Rc7 45. a4 Ke6 46. Ke2
Kf5 47. Kxe3 Re7+ 48. Kd4 Kxf4 49. a6 g5 50. hxg5 h4 51. Bf1 Kg3 52. f4 h3 53.
Bxh3 Kxh3 1/2-1/2

[Event "7th Boris Kostic mem"]
[Site "Vrsac"]
[EventDate "1977.09.14"]
[Date "1977.09.20"]
[Round "6"]
[White "Makarichev, Sergei"]
[Black "Knezevic, Milorad"]
[Result "1/2-1/2"]
[WhiteElo "2515"]
[BlackElo "2500"]
[PlyCount "25"]
[Source "Perpetual Check"]

1. e4 e5 2. Nf3 Nc6 3. Bc4 Be7 4. Bb3 Nf6 5. d3 O-O 6. O-O d6 7. c3 Nd7 8. Be3
Nf6 9. h3 d5 10. Ba4 Bd6 11. Nbd2 h6 12. Qc2 Ne7 13. d4 1/2-1/2

[Event "7th Boris Kostic mem"]
[Site "Vrsac"]
[EventDate "1977.09.14"]
[Date "1977.09.20"]
[Round "6"]
[White "Marovic, Drazen"]
[Black "Matanovic, Aleksandar"]
[Result "0-1"]
[WhiteElo "2475"]
[BlackElo "2505"]
[PlyCount "67"]
[Source "Perpetual Check"]

1. d4 Nf6 2. c4 e6 3. Nf3 b6 4. Nc3 Bb7 5. Bg5 Be7 6. e3 Ne4 7. Bxe7 Qxe7 8.
Nxe4 Bxe4 9. Bd3 Bxd3 10. Qxd3 Qb4+ 11. Nd2 Qxb2 12. O-O Qb4 13. a4 Qe7 14. a5
Nc6 15. axb6 cxb6 16. d5 Nb4 17. Qd4 O-O 18. Ra4 e5 19. Qc3 a5 20. e4 Rac8 21.
Rb1 d6 22. Raxb4 axb4 23. Rxb4 Qa7 24. Qb2 Rb8 25. Nb1 Ra8 26. g3 Rfb8 27. Kg2
Qa1 28. Qb3 Qd4 29. Nc3 Qd3 30. Qb2 h5 31. h4 Ra6 32. Nb5 Qxe4+ 33. Kh2 Qe1 34.
Nc3 0-1

[Event "7th Boris Kostic mem"]
[Site "Vrsac"]
[EventDate "1977.09.14"]
[Date "1977.09.20"]
[Round "6"]
[White "Torre, Eugenio"]
[Black "Janosevic, Dragoljub"]
[Result "1/2-1/2"]
[WhiteElo "2550"]
[BlackElo "2435"]
[PlyCount "48"]
[Source "Perpetual Check"]

1. e4 c5 2. Nf3 Nc6 3. d4 cxd4 4. Nxd4 Qc7 5. Nc3 e6 6. Be2 a6 7. O-O Nf6 8.
Kh1 Be7 9. f4 d6 10. Be3 O-O 11. Qe1 Bd7 12. Qg3 Nxd4 13. Bxd4 Bc6 14. e5 Ne8
15. Bd3 dxe5 16. fxe5 f5 17. a4 g6 18. a5 Ng7 19. Bb6 Qc8 20. Be2 g5 21. Bf3 g4
22. Bxc6 Qxc6 23. Qf4 Bc5 24. Rad1 Rac8 1/2-1/2

[Event "7th Boris Kostic mem"]
[Site "Vrsac"]
[EventDate "1977.09.14"]
[Date "1977.09.20"]
[Round "6"]
[White "Bukic, Enver"]
[Black "Schmidt, Wlodzimierz"]
[Result "1-0"]
[WhiteElo "2490"]
[BlackElo "2490"]
[PlyCount "83"]
[Source "Perpetual Check"]

1. Nf3 Nf6 2. c4 c5 3. Nc3 d5 4. cxd5 Nxd5 5. g3 Nc6 6. Bg2 Nc7 7. Qa4 Bd7 8.
Qe4 g6 9. Ne5 Bg7 10. Nxd7 Qxd7 11. O-O Ne6 12. a3 Rc8 13. b4 O-O 14. Rb1 b6
15. Nd5 Ne5 16. Bb2 f5 17. Qe3 Nd4 18. Bxd4 cxd4 19. Qb3 Kh8 20. Rbc1 b5 21.
Nf4 Nc4 22. Rc2 e5 23. Nd3 Bh6 24. Qa2 Qe7 25. Nc5 Nb6 26. Rfc1 e4 27. Rf1 Rfd8
28. d3 Na4 29. Nxa4 bxa4 30. Rxc8 Rxc8 31. dxe4 fxe4 32. Qd5 Bg7 33. Bxe4 Bf6
34. Bd3 Rc3 35. Ra1 Qc7 36. Kg2 Kg7 37. h4 Rb3 38. h5 gxh5 39. Qf5 Qc6+ 40. Be4
Qe8 41. Qxh7+ Kf8 42. Bd5 1-0

[Event "7th Boris Kostic mem"]
[Site "Vrsac"]
[EventDate "1977.09.14"]
[Date "1977.09.20"]
[Round "6"]
[White "Hernandez Onna, Roman"]
[Black "Kapelan, Milorad"]
[Result "1/2-1/2"]
[WhiteElo "2435"]
[BlackElo "2340"]
[PlyCount "26"]
[Source "Perpetual Check"]

1. c4 e6 2. Nc3 d5 3. d4 Nf6 4. Nf3 Be7 5. e3 O-O 6. Bd3 Nbd7 7. O-O b6 8. b3
Bb7 9. Bb2 Ne4 10. Rc1 c5 11. Qe2 Nxc3 12. Bxc3 dxc4 13. bxc4 Bf6 1/2-1/2

[Event "7th Boris Kostic mem"]
[Site "Vrsac"]
[EventDate "1977.09.14"]
[Date "1977.09.21"]
[Round "7"]
[White "Kapelan, Milorad"]
[Black "Quinteros, Miguel Angel"]
[Result "1/2-1/2"]
[WhiteElo "2340"]
[BlackElo "2555"]
[PlyCount "40"]
[Source "Perpetual Check"]

1. Nf3 g6 2. d4 Bg7 3. c4 d6 4. Nc3 Nf6 5. g3 O-O 6. Bg2 c6 7. O-O Qa5 8. h3 e5
9. e4 Nbd7 10. Re1 exd4 11. Nxd4 Ne5 12. Bf1 Re8 13. Be3 Be6 14. Nxe6 Rxe6 15.
f4 Ned7 16. Qc2 Rae8 17. Bg2 Nc5 18. Bd2 Qa6 19. Rad1 Nh5 20. Kh2 Bxc3 1/2-1/2

[Event "7th Boris Kostic mem"]
[Site "Vrsac"]
[EventDate "1977.09.14"]
[Date "1977.09.21"]
[Round "7"]
[White "Schmidt, Wlodzimierz"]
[Black "Hernandez Onna, Roman"]
[Result "1-0"]
[WhiteElo "2490"]
[BlackElo "2435"]
[PlyCount "113"]
[Source "Perpetual Check"]

1. Nf3 Nf6 2. c4 e6 3. g3 d5 4. Bg2 Be7 5. O-O O-O 6. d4 c5 7. cxd5 exd5 8. Nc3
Nc6 9. Bg5 cxd4 10. Nxd4 h6 11. Be3 Re8 12. Qb3 Na5 13. Qc2 Bg4 14. h3 Bd7 15.
Rad1 Rc8 16. Nf5 Bb4 17. g4 Bxc3 18. bxc3 Bxf5 19. Qxf5 Rxe3 20. fxe3 Nc4 21.
Bxd5 Qc7 22. Qf4 Qxf4 23. exf4 Nxd5 24. Rxd5 Ne3 25. Rd3 Nxf1 26. Kxf1 Kf8 27.
Ke1 Rc4 28. Rd8+ Ke7 29. Rb8 b6 30. Rb7+ Ke6 31. Rxa7 Rxc3 32. Ra6 Rxh3 33.
Rxb6+ Ke7 34. Rb3 Rh1+ 35. Kf2 Ra1 36. Ra3 g6 37. Ra7+ Kf6 38. e4 Rb1 39. Ra5
Rc1 40. g5+ hxg5 41. fxg5+ Ke6 42. Ke2 Rg1 43. Kd2 Rg3 44. a4 Ra3 45. Ke2 Ra1
46. Kd3 Rd1+ 47. Kc4 Rc1+ 48. Kb4 Rb1+ 49. Kc5 Rc1+ 50. Kb6 Ra1 51. Kc7 Rc1+
52. Kd8 Rc4 53. Ra7 Ke5 54. Ke7 Kxe4 55. Kxf7 Rc5 56. Kxg6 Kf4 57. Kh6 1-0

[Event "7th Boris Kostic mem"]
[Site "Vrsac"]
[EventDate "1977.09.14"]
[Date "1977.09.21"]
[Round "7"]
[White "Janosevic, Dragoljub"]
[Black "Bukic, Enver"]
[Result "1/2-1/2"]
[WhiteElo "2435"]
[BlackElo "2490"]
[PlyCount "87"]
[Source "Perpetual Check"]

1. e4 c5 2. Nf3 d6 3. d4 cxd4 4. Nxd4 Nf6 5. Nc3 a6 6. g3 e5 7. Nde2 Be7 8. Bg2
O-O 9. h3 Be6 10. f4 exf4 11. Nxf4 Qb6 12. Qd3 Nbd7 13. Be3 Nc5 14. Qd4 Qc7 15.
O-O Rac8 16. g4 h6 17. Nce2 Bd7 18. Rac1 Ne6 19. Qd2 Nxf4 20. Nxf4 Bc6 21. Nd5
Bxd5 22. exd5 Rce8 23. c4 Nh7 24. b4 Bg5 25. Bxg5 Nxg5 26. Qf4 Re4 27. Qg3 Rxc4
28. Rxc4 Qxc4 29. Qxd6 Qd4+ 30. Kh2 Re8 31. Qf4 Qxf4+ 32. Rxf4 f6 33. Rd4 Rd8
34. d6 Rd7 35. Bxb7 Rxb7 36. d7 Nf7 37. d8=Q+ Nxd8 38. Rxd8+ Kf7 39. a3 a5 40.
Rd4 axb4 41. axb4 Ke6 42. Kg3 Ke5 43. Rf4 g6 44. Kf3 1/2-1/2

[Event "7th Boris Kostic mem"]
[Site "Vrsac"]
[EventDate "1977.09.14"]
[Date "1977.09.21"]
[Round "7"]
[White "Matanovic, Aleksandar"]
[Black "Torre, Eugenio"]
[Result "1/2-1/2"]
[WhiteElo "2505"]
[BlackElo "2550"]
[PlyCount "52"]
[Source "Perpetual Check"]

1. e4 c5 2. Nf3 e6 3. d4 cxd4 4. Nxd4 a6 5. Bd3 g6 6. c4 Bg7 7. Be3 d6 8. Nc3
Nf6 9. O-O O-O 10. Re1 b6 11. Bf1 Bb7 12. f3 Nbd7 13. Qd2 Qc7 14. Rac1 Rfe8 15.
Red1 Bf8 16. Kh1 Rac8 17. Qf2 Qb8 18. b3 Ba8 19. Qd2 Nh5 20. Bh6 Bg7 21. Re1
Rc5 22. Nde2 Rcc8 23. Ng3 Bc6 24. Nce2 Ne5 25. Nd4 Ba8 26. Red1 Rc5 1/2-1/2

[Event "7th Boris Kostic mem"]
[Site "Vrsac"]
[EventDate "1977.09.14"]
[Date "1977.09.21"]
[Round "7"]
[White "Knezevic, Milorad"]
[Black "Marovic, Drazen"]
[Result "1/2-1/2"]
[WhiteElo "2500"]
[BlackElo "2475"]
[PlyCount "27"]
[Source "Perpetual Check"]

1. e4 c6 2. d4 d5 3. exd5 cxd5 4. c4 Nf6 5. Nc3 Nc6 6. Bg5 Qa5 7. Bxf6 exf6 8.
cxd5 Bb4 9. Qd2 Ne7 10. Bc4 Nxd5 11. Bxd5 Bxc3 12. bxc3 Qxd5 13. Nf3 O-O 14.
O-O 1/2-1/2

[Event "7th Boris Kostic mem"]
[Site "Vrsac"]
[EventDate "1977.09.14"]
[Date "1977.09.21"]
[Round "7"]
[White "Ivanovic, Bozidar"]
[Black "Smejkal, Jan"]
[Result "0-1"]
[WhiteElo "2440"]
[BlackElo "2575"]
[PlyCount "110"]
[Source "Perpetual Check"]

1. e4 e5 2. Nf3 Nc6 3. Bb5 a6 4. Ba4 Nf6 5. O-O Be7 6. Re1 b5 7. Bb3 d6 8. c3
O-O 9. h3 Nb8 10. d4 Nbd7 11. Nbd2 Bb7 12. Bc2 Re8 13. Nf1 Bf8 14. Ng3 g6 15.
a4 c5 16. d5 c4 17. Bg5 h6 18. Be3 Nc5 19. Qd2 Kh7 20. Nh2 Bg7 21. Ra3 Rb8 22.
axb5 axb5 23. Rf1 Qe7 24. Ra5 Bc8 25. Raa1 Nfd7 26. Ra7 Rb7 27. Rfa1 Nb6 28.
Rxb7 Qxb7 29. Rf1 Nba4 30. Rb1 Bd7 31. f4 exf4 32. Bxf4 Qb6 33. Be3 Qd8 34. Nf3
Qe7 35. Bf4 Rb8 36. Kh1 Be8 37. Kh2 Nd7 38. Nh5 Be5 39. Bxe5 Nxe5 40. Ng3 Nc5
41. Rf1 Ra8 42. Nxe5 Qxe5 43. Qe1 Nd7 44. Kg1 b4 45. Ne2 Ra2 46. Nd4 Rxb2 47.
Qa1 bxc3 48. Qa7 Qg3 49. Rf3 Qe1+ 50. Kh2 Ne5 51. Rf6 Ng4+ 52. hxg4 Qh4+ 53.
Kg1 Qxf6 54. g5 Qxg5 55. Ba4 Qxg2# 0-1

[Event "7th Boris Kostic mem"]
[Site "Vrsac"]
[EventDate "1977.09.14"]
[Date "1977.09.21"]
[Round "7"]
[White "Marjanovic, Slavoljub"]
[Black "Kurajica, Bojan"]
[Result "1/2-1/2"]
[WhiteElo "2355"]
[BlackElo "2530"]
[PlyCount "116"]
[Source "Perpetual Check"]

1. e4 c5 2. Nc3 Nc6 3. g3 g6 4. Bg2 Bg7 5. d3 d6 6. f4 Rb8 7. Nf3 b5 8. a3 Bg4
9. Nd5 Nf6 10. Ne3 Bd7 11. h3 Nh5 12. Nf1 e5 13. f5 Bf6 14. Be3 Nd4 15. c3 Nc6
16. Bf2 Ne7 17. N3h2 Bg7 18. Bf3 Nf6 19. g4 h6 20. Ne3 Bc6 21. h4 g5 22. Nhf1
Qc7 23. Qd2 Rd8 24. Ng3 gxh4 25. Rxh4 d5 26. Qc2 d4 27. cxd4 exd4 28. Ng2 Nd7
29. Nh5 Be5 30. Rc1 Qd6 31. Qd2 c4 32. dxc4 Nc5 33. cxb5 Bxb5 34. Rxc5 Qxc5 35.
f6 Ng6 36. Ng7+ Kd7 37. Rh5 Qc4 38. Be2 Qxe2+ 39. Qxe2 Bxe2 40. Kxe2 Rb8 41.
Bxd4 Bxd4 42. Rd5+ Kc6 43. Rxd4 Rxb2+ 44. Kf3 Ne5+ 45. Kf4 Nxg4 46. Ne1 Nxf6
47. Nd3 Rb1 48. Ne5+ Kc5 49. Nf5 Rf1+ 50. Ke3 Rxf5 51. Nd3+ Kc6 52. exf5 Re8+
53. Kf3 a5 54. Rh4 h5 55. Rc4+ Kb5 56. Rc5+ Ka4 57. Ne5 h4 58. Nc4 Kb3 1/2-1/2

[Event "7th Boris Kostic mem"]
[Site "Vrsac"]
[EventDate "1977.09.14"]
[Date "1977.09.22"]
[Round "8"]
[White "Quinteros, Miguel Angel"]
[Black "Kurajica, Bojan"]
[Result "1/2-1/2"]
[WhiteElo "2555"]
[BlackElo "2530"]
[PlyCount "26"]
[Source "Perpetual Check"]

1. c4 e6 2. g3 d5 3. Bg2 Nf6 4. Nf3 Be7 5. O-O O-O 6. d4 b6 7. Nc3 c6 8. Ne5
Bb7 9. e4 dxc4 10. Nxc4 b5 11. Ne5 Na6 12. Be3 c5 13. Nxb5 Nxe4 1/2-1/2

[Event "7th Boris Kostic mem"]
[Site "Vrsac"]
[EventDate "1977.09.14"]
[Date "1977.09.22"]
[Round "8"]
[White "Smejkal, Jan"]
[Black "Marjanovic, Slavoljub"]
[Result "1/2-1/2"]
[WhiteElo "2575"]
[BlackElo "2355"]
[PlyCount "41"]
[Source "Perpetual Check"]

1. c4 e6 2. Nf3 d5 3. d4 c5 4. cxd5 exd5 5. g3 Nc6 6. Bg2 Nf6 7. O-O Be7 8. Nc3
O-O 9. Bg5 cxd4 10. Nxd4 h6 11. Be3 Bg4 12. Qa4 Qd7 13. Rfd1 Bh3 14. Bh1 Rfd8
15. Nb3 Qf5 16. Qb5 Rd7 17. Nd4 Nxd4 18. Rxd4 Rad8 19. Rad1 b6 20. Bxd5 Bc5 21.
Be4 1/2-1/2

[Event "7th Boris Kostic mem"]
[Site "Vrsac"]
[EventDate "1977.09.14"]
[Date "1977.09.22"]
[Round "8"]
[White "Makarichev, Sergei"]
[Black "Ivanovic, Bozidar"]
[Result "1-0"]
[WhiteElo "2515"]
[BlackElo "2440"]
[PlyCount "133"]
[Source "Perpetual Check"]

1. c4 Nf6 2. Nc3 e5 3. g3 Bb4 4. Nf3 Nc6 5. Bg2 O-O 6. O-O d6 7. Nd5 Bc5 8. d3
Nxd5 9. cxd5 Nd4 10. e3 Nxf3+ 11. Qxf3 a5 12. Bd2 Bb6 13. Qe2 Bd7 14. a4 f5 15.
f4 Qe7 16. b3 Rf6 17. Kh1 exf4 18. gxf4 Rh6 19. Qf2 Re8 20. Rfe1 Qf6 21. Ra2 g5
22. fxg5 Qxg5 23. Bf3 Kf7 24. d4 Qh4 25. Bc3 Kg7 26. Rg1+ Kf6 27. Qxh4+ Rxh4
28. Re2 Rh3 29. Rg3 f4 30. Rxh3 Bxh3 31. e4 Rg8 32. Rf2 Kg5 33. Bg2 Bg4 34.
Rxf4 Bd1 35. Bd2 Kg6 36. e5 dxe5 37. dxe5 Kh5 38. e6 Bc5 39. Rf5+ Kg4 40. Rf4+
Kh5 41. Rf7 Bc2 42. Bf3+ Kg6 43. h4 h5 44. Rxc7 b6 45. Rf7 Rg7 46. Rf4 Bd6 47.
Be4+ Bxe4+ 48. Rxe4 Kf5 49. Re2 b5 50. Bg5 bxa4 51. bxa4 Rg8 52. e7 Re8 53. Re6
Be5 54. Kg2 Bc3 55. Rd6 Bb4 56. Rd8 Rxe7 57. Bxe7 Bxe7 58. Rg8 Bb4 59. Kf3 Ke5
60. Rh8 Kxd5 61. Rxh5+ Kc4 62. Ke4 Kb3 63. Kd3 Kxa4 64. Kc4 Be1 65. Rh7 Ka3 66.
h5 Ka2 67. Ra7 1-0

[Event "7th Boris Kostic mem"]
[Site "Vrsac"]
[EventDate "1977.09.14"]
[Date "1977.09.22"]
[Round "8"]
[White "Bukic, Enver"]
[Black "Matanovic, Aleksandar"]
[Result "1/2-1/2"]
[WhiteElo "2490"]
[BlackElo "2505"]
[PlyCount "42"]
[Source "Perpetual Check"]

1. d4 Nf6 2. c4 e6 3. Nc3 Bb4 4. e3 c5 5. Bd3 O-O 6. Nf3 d5 7. O-O dxc4 8. Bxc4
Nc6 9. a3 Bxc3 10. bxc3 Qc7 11. Bd3 e5 12. Qc2 Re8 13. Nxe5 Nxe5 14. dxe5 Qxe5
15. f3 Qe6 16. Re1 Bd7 17. e4 h6 18. Be3 Rac8 19. Rab1 b6 20. a4 c4 21. Bf1 Qc6
1/2-1/2

[Event "7th Boris Kostic mem"]
[Site "Vrsac"]
[EventDate "1977.09.14"]
[Date "1977.09.22"]
[Round "8"]
[White "Hernandez Onna, Roman"]
[Black "Janosevic, Dragoljub"]
[Result "1-0"]
[WhiteElo "2435"]
[BlackElo "2435"]
[PlyCount "59"]
[Source "Perpetual Check"]

1. c4 Nf6 2. Nc3 c5 3. g3 g6 4. Bg2 Bg7 5. b3 Nc6 6. Bb2 O-O 7. d3 d6 8. Qd2 e5
9. e3 Be6 10. Nd5 Bxd5 11. cxd5 Ne7 12. e4 Nd7 13. Nh3 h6 14. O-O g5 15. f4
gxf4 16. gxf4 Ng6 17. f5 Nh4 18. Bf3 Kh7 19. Kh1 Rg8 20. Bh5 Qe7 21. Rae1 Bf6
22. Rg1 Bg5 23. Nxg5+ Rxg5 24. Rxg5 hxg5 25. Rg1 f6 26. Qf2 b5 27. Bc1 Rh8 28.
Rg4 Qg7 29. Qg3 Rg8 30. Rxh4 1-0

[Event "7th Boris Kostic mem"]
[Site "Vrsac"]
[EventDate "1977.09.14"]
[Date "1977.09.22"]
[Round "8"]
[White "Kapelan, Milorad"]
[Black "Schmidt, Wlodzimierz"]
[Result "1/2-1/2"]
[WhiteElo "2340"]
[BlackElo "2490"]
[PlyCount "23"]
[Source "Perpetual Check"]

1. Nf3 Nf6 2. c4 g6 3. g3 Bg7 4. Bg2 O-O 5. O-O c5 6. d4 cxd4 7. Nxd4 Nc6 8.
Nc3 Nxd4 9. Qxd4 d6 10. Rd1 Be6 11. Qd3 Rc8 12. Nd5 1/2-1/2

[Event "7th Boris Kostic mem"]
[Site "Vrsac"]
[EventDate "1977.09.14"]
[Date "1977.09.23"]
[Round "9"]
[White "Schmidt, Wlodzimierz"]
[Black "Quinteros, Miguel Angel"]
[Result "1/2-1/2"]
[WhiteElo "2490"]
[BlackElo "2555"]
[PlyCount "30"]
[Source "Perpetual Check"]

1. Nf3 g6 2. c4 Bg7 3. d4 Nf6 4. g3 O-O 5. Bg2 d6 6. Nc3 Nc6 7. O-O a6 8. b3
Rb8 9. Bb2 b5 10. cxb5 axb5 11. Rc1 b4 12. Nb1 Na5 13. Nbd2 Nd7 14. Qc2 c5 15.
d5 Bxb2 1/2-1/2

[Event "7th Boris Kostic mem"]
[Site "Vrsac"]
[EventDate "1977.09.14"]
[Date "1977.09.23"]
[Round "9"]
[White "Janosevic, Dragoljub"]
[Black "Kapelan, Milorad"]
[Result "0-1"]
[WhiteElo "2435"]
[BlackElo "2340"]
[PlyCount "78"]
[Source "Perpetual Check"]

1. e4 c5 2. Nf3 Nc6 3. d4 cxd4 4. Nxd4 Nf6 5. Nc3 d6 6. Bc4 e6 7. Be3 Be7 8.
Qe2 a6 9. O-O-O Qc7 10. Bb3 Bd7 11. g4 Nxd4 12. Rxd4 Bc6 13. g5 Nd7 14. Rg1 Nc5
15. h4 O-O-O 16. Kb1 h6 17. Qg4 Kb8 18. Rdd1 hxg5 19. hxg5 g6 20. Rh1 Rxh1 21.
Rxh1 Nxb3 22. axb3 b5 23. Rh7 Be8 24. Qe2 Qc6 25. f3 Kb7 26. Qd2 Rc8 27. Ne2
Ka8 28. Nd4 Qb7 29. b4 Qc7 30. Nb3 d5 31. exd5 Qc4 32. d6 Rd8 33. Rh8 Bxd6 34.
Rxe8 Rxe8 35. Qxd6 Qc8 36. Nc5 Rd8 37. Qe7 Rd1+ 38. Ka2 a5 39. Nd3 Qc4+ 0-1

[Event "7th Boris Kostic mem"]
[Site "Vrsac"]
[EventDate "1977.09.14"]
[Date "1977.09.23"]
[Round "9"]
[White "Matanovic, Aleksandar"]
[Black "Hernandez Onna, Roman"]
[Result "0-1"]
[WhiteElo "2505"]
[BlackElo "2435"]
[PlyCount "70"]
[Source "Perpetual Check"]

1. e4 c5 2. Nf3 Nc6 3. d4 cxd4 4. Nxd4 g6 5. Nc3 Bg7 6. Be3 Nf6 7. Nb3 O-O 8.
Be2 d6 9. O-O Be6 10. f4 Qc8 11. Kh1 Rd8 12. Bg1 d5 13. e5 Ne4 14. Nd4 Nxd4 15.
Bxd4 f6 16. exf6 exf6 17. Bf3 Qd7 18. Ne2 b6 19. a4 Rac8 20. c3 Bf5 21. Re1 h5
22. Ng3 Nxg3+ 23. hxg3 Kh7 24. Qe2 Rc7 25. Qb5 Qd6 26. a5 bxa5 27. Rxa5 Re7 28.
Rxe7 Qxe7 29. Qe2 Be4 30. Rxa7 Qe6 31. c4 Qf5 32. cxd5 Re8 33. d6 Bxf3 34. Qxf3
Re1+ 35. Bg1 Qc5 0-1

[Event "7th Boris Kostic mem"]
[Site "Vrsac"]
[EventDate "1977.09.14"]
[Date "1977.09.23"]
[Round "9"]
[White "Knezevic, Milorad"]
[Black "Bukic, Enver"]
[Result "1/2-1/2"]
[WhiteElo "2500"]
[BlackElo "2490"]
[PlyCount "33"]
[Source "Perpetual Check"]

1. e4 c6 2. d4 d5 3. exd5 cxd5 4. c4 Nf6 5. Nc3 e6 6. Nf3 Be7 7. cxd5 Nxd5 8.
Bb5+ Bd7 9. Bxd7+ Nxd7 10. Nxd5 exd5 11. Qb3 Nb6 12. O-O O-O 13. Bf4 Bd6 14.
Bxd6 Qxd6 15. Rfe1 Rfe8 16. Qd3 h6 17. h3 1/2-1/2

[Event "7th Boris Kostic mem"]
[Site "Vrsac"]
[EventDate "1977.09.14"]
[Date "1977.09.23"]
[Round "9"]
[White "Ivanovic, Bozidar"]
[Black "Marovic, Drazen"]
[Result "1-0"]
[WhiteElo "2440"]
[BlackElo "2475"]
[PlyCount "79"]
[Source "Perpetual Check"]

1. e4 Nf6 2. e5 Nd5 3. Bc4 Nb6 4. Bb3 c5 5. d3 Nc6 6. Nf3 e6 7. Nc3 d5 8. exd6
Bxd6 9. Ne4 Be7 10. Be3 Nd5 11. Bd2 O-O 12. h4 f5 13. Nc3 Bf6 14. Qe2 Kh8 15.
O-O h6 16. Rae1 Qd6 17. Ng5 Nd4 18. Qh5 Nf4 19. Nf7+ Kh7 20. Nxd6 Nxh5 21. Nxc8
Raxc8 22. Bxe6 Rcd8 23. Bc4 Nc6 24. Nd5 Bd4 25. Re2 Ne5 26. c3 Nxc4 27. dxc4
Bf6 28. g3 Rd7 29. Rfe1 b6 30. a4 Bd8 31. Rd1 Rff7 32. Re6 Nf6 33. Bf4 Ne4 34.
f3 Nf6 35. Rd2 Nh5 36. Be3 f4 37. gxf4 Bc7 38. Re4 Bb8 39. Rh2 Rxd5 40. cxd5
1-0

[Event "7th Boris Kostic mem"]
[Site "Vrsac"]
[EventDate "1977.09.14"]
[Date "1977.09.23"]
[Round "9"]
[White "Marjanovic, Slavoljub"]
[Black "Makarichev, Sergei"]
[Result "1/2-1/2"]
[WhiteElo "2355"]
[BlackElo "2515"]
[PlyCount "23"]
[Source "Perpetual Check"]

1. d4 Nf6 2. c4 e6 3. Nf3 b6 4. g3 Bb7 5. Bg2 Be7 6. O-O O-O 7. Nc3 Ne4 8. Qc2
Nxc3 9. Qxc3 c5 10. Rd1 d6 11. b3 Bf6 12. Bb2 1/2-1/2

[Event "7th Boris Kostic mem"]
[Site "Vrsac"]
[EventDate "1977.09.14"]
[Date "1977.09.24"]
[Round "10"]
[White "Quinteros, Miguel Angel"]
[Black "Smejkal, Jan"]
[Result "1/2-1/2"]
[WhiteElo "2555"]
[BlackElo "2575"]
[PlyCount "53"]
[Source "Perpetual Check"]

1. c4 c5 2. Nc3 g6 3. g3 Bg7 4. Bg2 Nc6 5. a3 e6 6. Rb1 a5 7. e4 Nge7 8. Nge2
d6 9. d3 O-O 10. O-O Rb8 11. Nb5 b6 12. d4 Ba6 13. Be3 Rb7 14. a4 cxd4 15.
Nexd4 Nxd4 16. Bxd4 Bxd4 17. Qxd4 Rd7 18. Rbd1 Nc6 19. Qc3 e5 20. Na3 Nd4 21.
Rd2 Ne6 22. b3 Nc5 23. Qc2 Qe7 24. Nb1 Bb7 25. Nc3 Bc6 26. Bh3 Rdd8 27. Nd5
1/2-1/2

[Event "7th Boris Kostic mem"]
[Site "Vrsac"]
[EventDate "1977.09.14"]
[Date "1977.09.24"]
[Round "10"]
[White "Makarichev, Sergei"]
[Black "Kurajica, Bojan"]
[Result "1/2-1/2"]
[WhiteElo "2515"]
[BlackElo "2530"]
[PlyCount "26"]
[Source "Perpetual Check"]

1. e4 c5 2. Nf3 e6 3. c3 d5 4. exd5 Qxd5 5. d4 Nf6 6. Bd3 Be7 7. O-O O-O 8. c4
Qd8 9. dxc5 Na6 10. Nc3 Nxc5 11. Bc2 Qxd1 12. Rxd1 b6 13. Nd4 Bb7 1/2-1/2

[Event "7th Boris Kostic mem"]
[Site "Vrsac"]
[EventDate "1977.09.14"]
[Date "1977.09.24"]
[Round "10"]
[White "Marovic, Drazen"]
[Black "Marjanovic, Slavoljub"]
[Result "1/2-1/2"]
[WhiteElo "2475"]
[BlackElo "2355"]
[PlyCount "40"]
[Source "Perpetual Check"]

1. c4 g6 2. d4 Nf6 3. g3 Bg7 4. Bg2 d6 5. Nc3 O-O 6. Nf3 Nc6 7. O-O Bg4 8. d5
Na5 9. b3 c5 10. Bb2 a6 11. Nd2 Rb8 12. h3 Bd7 13. Qc2 b5 14. Rab1 Qc7 15. e4
Rfc8 16. Nd1 e5 17. Ne3 Bh6 18. Bc3 Nh5 19. Kh2 b4 20. Bb2 Rf8 1/2-1/2

[Event "7th Boris Kostic mem"]
[Site "Vrsac"]
[EventDate "1977.09.14"]
[Date "1977.09.24"]
[Round "10"]
[White "Torre, Eugenio"]
[Black "Ivanovic, Bozidar"]
[Result "1-0"]
[WhiteElo "2550"]
[BlackElo "2440"]
[PlyCount "49"]
[Source "Perpetual Check"]

1. e4 c5 2. Nf3 Nc6 3. d4 cxd4 4. Nxd4 Nf6 5. Nc3 d6 6. Bg5 e6 7. Qd2 a6 8.
O-O-O h6 9. Bf4 Bd7 10. Nxc6 Bxc6 11. Qe1 b5 12. e5 Nd5 13. Nxd5 Bxd5 14. Rxd5
exd5 15. Bd3 dxe5 16. Qxe5+ Qe7 17. Qxd5 Rc8 18. Bf5 Rc5 19. Qa8+ Qd8 20. Bd7+
Ke7 21. Re1+ Kxd7 22. Rd1+ Bd6 23. Rxd6+ Ke7 24. Rxd8 Rxd8 25. Qa7+ 1-0

[Event "7th Boris Kostic mem"]
[Site "Vrsac"]
[EventDate "1977.09.14"]
[Date "1977.09.24"]
[Round "10"]
[White "Hernandez Onna, Roman"]
[Black "Knezevic, Milorad"]
[Result "1/2-1/2"]
[WhiteElo "2435"]
[BlackElo "2500"]
[PlyCount "27"]
[Source "Perpetual Check"]

1. c4 f5 2. d4 Nf6 3. Nc3 g6 4. g3 Bg7 5. Bg2 d6 6. Nh3 c6 7. d5 e5 8. dxe6
Bxe6 9. b3 Na6 10. O-O Qe7 11. Bb2 O-O 12. Qc2 Rac8 13. Rad1 Kh8 14. Rfe1
1/2-1/2

[Event "7th Boris Kostic mem"]
[Site "Vrsac"]
[EventDate "1977.09.14"]
[Date "1977.09.24"]
[Round "10"]
[White "Kapelan, Milorad"]
[Black "Matanovic, Aleksandar"]
[Result "0-1"]
[WhiteElo "2340"]
[BlackElo "2505"]
[PlyCount "62"]
[Source "Perpetual Check"]

1. Nf3 b6 2. c4 Bb7 3. d4 e6 4. g3 Nf6 5. Bg2 Be7 6. O-O O-O 7. Nc3 d5 8. Ne5
c6 9. b3 Nbd7 10. Nd3 Rc8 11. Bb2 Ba6 12. cxd5 cxd5 13. Rc1 Bd6 14. a3 Qe7 15.
b4 Bc4 16. Qa4 a6 17. Rfd1 Rc7 18. f3 Rfc8 19. Bf1 e5 20. dxe5 Nxe5 21. Nf2 b5
22. Qc2 a5 23. bxa5 Bc5 24. Qf5 Re8 25. Kg2 Be3 26. Ra1 g6 27. Qh3 Qc5 28. Nd3
Bxd3 29. exd3 d4 30. Ne2 Qd5 31. Kh1 Nfg4 0-1